00913nam a2200289Ia 4500008004100000020002200041050001900063050001800082100002000100245002100120245004600141245001900187250001600206260001600222260002800238260000900266300001600275300001100291300001100302500002000313650002600333650002600359650003600385650005300421999001900474952013000493160901s9999 xx 000 0 und d a978-981-4246-35-4 aComSc QA 76.73 b.C154D69 2008 aDoyle, Barbara. aC# programming : bfrom problem analysis to program design / cBarbara Doyle. a2nd Edition aSingapore : bThomson Learning Asia., c2008 a910 pages : bill. ; c24 cm. aIncludes index. aComputer programming. aInternet programming. xC# (Computer program language). xObject-oriented programming (Computer science). c300788d300788 001040aSMCbSMCcComScd2010-11-10g895.00l0oComSc QA 76.73 .C154D69 2008pSMC05266r2016-09-01 00:00:00w2016-09-01yBK